Statystyki dla Top 10 Katolickich Krajów Europejskich

Kliknij tutaj aby rozwiązać quiz!

Ogólne statystyki

  • Ten quiz został rozwiązany 1 120 razy
  • Średni wynik to 7 z 10

Statystyki odpowiedzi

%Kraj% Poprawnych
85.8Polska
100%
100Watykan
91%
83.0Włochy
90%
90.5San Marino
76%
84.5Portugalia
66%
86.3Chorwacja
59%
88.2Andora
56%
82.3Monako
54%
88.7Malta
49%
78.3Irlandia
42%

Rozkład punktacji

Percentyl według liczby udzielonych odpowiedzi

Procent ludzi z każdym wynikiem

Twoja historia wyników

Nie rozwiązałeś tego quizu